| 000 | 00750nam a2200229 4500 | ||
|---|---|---|---|
| 003 | OSt | ||
| 005 | 20260601193404.0 | ||
| 008 | 260421b1977 mx a|||| |||| 00| 0 spa d | ||
| 040 |
_aICI _bspa _cICI |
||
| 050 |
_aTS171 _bC65 |
||
| 245 | 0 |
_aContra un diseño dependiente : _bun modelo para la autodeterminación nacional / _cM. L. Gutiérrez ... y otros |
|
| 264 |
_bEditorial Edicol, _c1977 _aMéxico : |
||
| 300 |
_a308 páginas _c21.3 cm |
||
| 336 |
_atexto _2rdacontent |
||
| 337 |
_asin medio _2rdamedia |
||
| 338 |
_avolumen _2rdacarrier |
||
| 490 | 0 | _aDiseño ruptura y alternativas | |
| 650 |
_aTecnología _zMéxico _935352 |
||
| 650 |
_aDiseño industrial _zMéxico _935353 |
||
| 700 | 1 |
_aGutierrez, Martin L., _eautor _935354 |
|
| 942 |
_2lcc _cB |
||
| 999 |
_c21078 _d21078 |
||